|
|
|
|
| LEADER |
00000ny a22000003n 4500 |
| 005 |
20110621135026.0 |
| 008 |
100806s2010 sp r 000 0|spa d |
| 020 |
|
|
|a 978849836736
|
| 035 |
|
|
|a 4985
|
| 040 |
|
|
|a BUS
|d vLex
|
| 090 |
|
|
|c 957
|d 957
|
| 100 |
1 |
|
|a Martn̕ez Pięiro, Eduardo
|
| 245 |
1 |
0 |
|a Anales de la Academia Sevillana del Notariado
|h [Recurso electrn̤ico]
|p Tomo 17:
|b Conferencias del curso acadm̌ico 2005-2006 /
|c Eduardo Martn̕ez Pięiro, Guillermo J. Jimňez Sǹchez
|
| 256 |
|
|
|a Servicio en ln̕ea
|
| 260 |
|
|
|a Sevilla :
|b Academia Sevillana del Notariado,
|c 2009
|
| 506 |
1 |
|
|a Contenido solo disponible en los productos indicados
|d vLex Global
|d vLex Global (Academic Edition, excluding Law Schools)
|d vLex Global (U.S. Academic Edition, Law Schools)
|d vLex Global (U.S. Academic Edition, excluding Law Schools)
|d vLex Global (Academic Edition, Law Schools)
|
| 650 |
0 |
4 |
|a Derecho civil
|z Espaą
|
| 650 |
0 |
4 |
|a Derecho mercantil
|z Espaą
|
| 650 |
0 |
4 |
|a Jurisdiccin̤ voluntaria
|z Espaą
|
| 650 |
0 |
4 |
|a Notariado
|z Espaą
|
| 700 |
1 |
|
|a Jimňez Sǹchez, Guillermo J.,
|e coaut.
|
| 710 |
2 |
|
|a Academia Sevillana del Notariado
|
| 740 |
0 |
|
|a vLex Libros (Servicios en ln̕ea)
|
| 856 |
4 |
0 |
|z Acceso restringido
|u http://vlex.com/source/4985
|
| 942 |
|
|
|c BOOK
|